| 000 | 00696nam a22001815i 4500 | ||
|---|---|---|---|
| 001 | 170844 | ||
| 003 | ES-MaACL | ||
| 005 | 20230906214456.0 | ||
| 008 | 090408s1920 fr |||| | fre d | ||
| 080 | _a821.133.1-2"18" | ||
| 100 | 1 |
_aLorde, André de. _9139219 |
|
| 245 | 1 | 0 |
_aThéâtre d'épouvante / _cAndré de Lorde. |
| 250 | _a20e éd. | ||
| 260 |
_aParis : _bLibrairie Théatrale, _c[1920?] |
||
| 300 |
_aXXV, 319 p. ; _c19 cm. |
||
| 505 | 8 | _aContiene: Une leçon à la Salpétrière ; L'Obsession ; La Dormeuse ; Au Rat mort...; Le Système du docteur Goudron ; La Dernière torture ; Sur la dalle. | |
| 852 | 4 |
_aES-MaACL _jE-12558 _9R.140139 _z. - Biblioteca Jacinto Martínez Lacalle |
|
| 999 |
_c170844 _d170844 |
||